[Event "FICGS rapid M 000143 email"]
[Site "FICGS email"]
[Date "2023.03.04"]
[Round "1"]
[White "Bussoli, Marco"]
[Black "Ozen, Bahadir"]
[Result "1/2-1/2"]
[WhiteElo "2253"]
[BlackElo "2250"]
[PlyCount "54"]
[EventDate "2023.??.??"]
[EventType "tourn (rapid)"]
[EventRounds "6"]
[SourceTitle "Corr 2024"]
[Source "ChessBase"]
[SourceDate "2023.10.19"]
[SourceVersion "1"]
[SourceVersionDate "2023.10.19"]
[SourceQuality "1"]

1. d4 Nf6 2. c4 e6 3. Nf3 d5 4. g3 Bb4+ 5. Bd2 Be7 6. Bg2 0-0 7. Qc2 c6 8. 0-0 b6 9. Rd1 Nbd7 10. Bf4 Bb7 11. Ne5 Nh5 12. Bc1 Nhf6 13. Bf4 Nh5 14. Bd2 Nhf6 15. cxd5 cxd5 16. Nc6 Bxc6 17. Qxc6 a6 18. Rc1 Rc8 19. Qxc8 Qxc8 20. Rxc8 Rxc8 21. Nc3 b5 22. Rc1 Nb6 23. Nd1 Rxc1 24. Bxc1 Nfd7 25. Bf1 Nb8 26. e3 Nc6 27. b3 f5 1/2-1/2

[Event "FICGS rapid M 000143 email"]
[Site "FICGS email"]
[Date "2023.03.04"]
[Round "1"]
[White "Slawomir, Weglicki"]
[Black "Bussoli, Marco"]
[Result "1/2-1/2"]
[WhiteElo "2133"]
[BlackElo "2253"]
[PlyCount "113"]
[EventDate "2023.??.??"]
[EventType "tourn (rapid)"]
[EventRounds "6"]
[SourceTitle "Corr 2024"]
[Source "ChessBase"]
[SourceDate "2023.10.19"]
[SourceVersion "1"]
[SourceVersionDate "2023.10.19"]
[SourceQuality "1"]

1. e4 c5 2. Nf3 d6 3. d4 cxd4 4. Nxd4 Nf6 5. Nc3 a6 6. f3 e5 7. Nb3 Be6 8. Be3 Nbd7 9. g4 Be7 10. Qd2 0-0 11. 0-0-0 b5 12. g5 Nh5 13. Kb1 Nb6 14. Na5 Qc7 15. a3 Rab8 16. Nd5 Nxd5 17. exd5 Bxd5 18. Qxd5 Qxa5 19. Bc4 Qd8 20. Ba2 Bxg5 21. Bxg5 Qxg5 22. Qxd6 Qf6 23. Qxf6 Nxf6 24. Rd6 a5 25. Re1 Rfd8 26. Ra6 a4 27. Kc1 Nd7 28. Rd1 Kf8 29. Ra7 Ke7 30. b4 axb3 31. Bxb3 Rb6 32. Rd5 f6 33. Kb2 Rbb8 34. Rc7 Rb6 35. Ra7 g5 36. Ka2 h6 37. h3 h5 38. Ka1 Rd6 39. Rxb5 Rc8 40. Kb2 Rd4 41. Bd5 f5 42. c4 Kd8 43. Ra6 Rc5 44. a4 e4 45. fxe4 fxe4 46. Rb3 Rc8 47. Rg6 Nc5 48. Re3 Rb8+ 49. Kc3 Rd3+ 50. Rxd3 exd3 51. Rg8+ Kc7 52. Rxb8 Kxb8 53. Bf3 Nxa4+ 54. Kxd3 Nb2+ 55. Kd4 Nxc4 56. Kxc4 g4 57. hxg4 1/2-1/2

[Event "FICGS rapid M 000143 email"]
[Site "FICGS email"]
[Date "2023.03.04"]
[Round "1"]
[White "Swiatek, Janusz"]
[Black "Bussoli, Marco"]
[Result "1/2-1/2"]
[WhiteElo "2213"]
[BlackElo "2253"]
[PlyCount "53"]
[EventDate "2023.??.??"]
[EventType "tourn (rapid)"]
[EventRounds "6"]
[SourceTitle "Corr 2024"]
[Source "ChessBase"]
[SourceDate "2023.10.19"]
[SourceVersion "1"]
[SourceVersionDate "2023.10.19"]
[SourceQuality "1"]

1. d4 Nf6 2. c4 e6 3. g3 d5 4. Nf3 Bb4+ 5. Bd2 Be7 6. Bg2 c6 7. Qc2 b6 8. 0-0 Nbd7 9. cxd5 cxd5 10. Rc1 Bb7 11. Qd1 Rc8 12. Nc3 0-0 13. Bf4 Ne4 14. Nb5 a6 15. Rxc8 Bxc8 16. Bc7 Qe8 17. Nc3 Nxc3 18. bxc3 Bb7 19. Qb3 b5 20. Ba5 Qc8 21. a4 Bc6 22. axb5 Bxb5 23. e3 Qc6 24. Nd2 Nf6 25. Qa2 Rc8 26. c4 Bxc4 27. Nxc4 1/2-1/2

[Event "FICGS class M 000116 email"]
[Site "FICGS email"]
[Date "2023.01.22"]
[Round "1"]
[White "Ozen, Bahadir"]
[Black "Bussoli, Marco"]
[Result "1/2-1/2"]
[WhiteElo "2248"]
[BlackElo "2238"]
[PlyCount "51"]
[EventDate "2023.??.??"]
[EventType "tourn (corr)"]
[EventRounds "6"]
[SourceTitle "Corr 2024"]
[Source "ChessBase"]
[SourceDate "2023.10.19"]
[SourceVersion "1"]
[SourceVersionDate "2023.10.19"]
[SourceQuality "1"]

1. d4 Nf6 2. c4 e6 3. Nc3 Bb4 4. Qc2 0-0 5. e4 d5 6. e5 Ne4 7. Bd3 c5 8. Nf3 cxd4 9. Nxd4 Nd7 10. Bf4 Qh4 11. g3 Qh3 12. 0-0-0 Nxc3 13. bxc3 Ba3+ 14. Kb1 Nb6 15. Bf1 Qh5 16. Be2 Qh3 17. Nf3 Bd7 18. Ng5 Qh6 19. Nxf7 Qg6 20. Qxg6 hxg6 21. Nd6 Bxd6 22. exd6 e5 23. c5 Na4 24. Bxe5 Rxf2 25. Rhe1 Re8 26. Rxd5 1/2-1/2

[Event "FICGS W-ch st2 g01 email"]
[Site "FICGS email"]
[Date "2022.11.15"]
[Round "1"]
[White "Bussoli, Marco"]
[Black "Mesquita Jr, Fausto Monteiro"]
[Result "1/2-1/2"]
[WhiteElo "2183"]
[BlackElo "2305"]
[PlyCount "64"]
[EventDate "2022.??.??"]
[EventType "tourn (corr)"]
[EventRounds "6"]
[SourceTitle "Corr 2024"]
[Source "ChessBase"]
[SourceDate "2023.10.19"]
[SourceVersion "1"]
[SourceVersionDate "2023.10.19"]
[SourceQuality "1"]

1. d4 c6 2. c4 d5 3. Nc3 Nf6 4. Nf3 e6 5. Bg5 dxc4 6. e4 b5 7. e5 h6 8. Bh4 g5 9. Nxg5 hxg5 10. Bxg5 Nbd7 11. g3 Bb7 12. Bg2 Qb6 13. exf6 0-0-0 14. 0-0 c5 15. d5 b4 16. Na4 Qa6 17. a3 Bxd5 18. Bxd5 Ne5 19. Nxc5 Bxc5 20. axb4 Bxf2+ 21. Kxf2 Qb6+ 22. Kg2 Rxd5 23. Qe2 Qb7 24. Kg1 Nd3 25. Be3 a6 26. h4 Re5 27. Qf3 Rd8 28. Bd2 Qxf3 29. Rxf3 Re2 30. Bc3 Kb7 31. Rd1 Kc6 32. Kf1 Rh2 1/2-1/2

[Event "FICGS W-ch st2 g01 email"]
[Site "FICGS email"]
[Date "2022.11.15"]
[Round "1"]
[White "Bussoli, Marco"]
[Black "Romanini, William"]
[Result "1/2-1/2"]
[WhiteElo "2183"]
[BlackElo "2152"]
[PlyCount "112"]
[EventDate "2022.??.??"]
[EventType "tourn (corr)"]
[EventRounds "6"]
[SourceTitle "Corr 2024"]
[Source "ChessBase"]
[SourceDate "2023.10.19"]
[SourceVersion "1"]
[SourceVersionDate "2023.10.19"]
[SourceQuality "1"]

1. e4 c6 2. d4 d5 3. Nc3 dxe4 4. Nxe4 Nd7 5. Ng5 e6 6. Bd3 Ngf6 7. N1f3 Bd6 8. Qe2 h6 9. Ne4 Nxe4 10. Qxe4 Qc7 11. 0-0 Nf6 12. Qh4 b6 13. Bg5 Nh7 14. Bd2 Bb7 15. b4 Qe7 16. Qxe7+ Kxe7 17. Ne5 Nf6 18. f4 c5 19. dxc5 bxc5 20. Nc4 Ba6 21. Nxd6 Bxd3 22. cxd3 Kxd6 23. bxc5+ Kxc5 24. f5 Rhe8 25. fxe6 Rxe6 26. Rab1 Re2 27. Rb2 Kd5 28. Rf4 a6 29. Ra4 Re6 30. h3 Rc6 31. Bb4 Ke6 32. Ra5 Nd7 33. d4 Kf6 34. Rb3 Rc1+ 35. Kf2 Kg6 36. Ke2 Rg1 37. Rg3+ Kh7 38. Bc3 Nf6 39. d5 Nh5 40. Rf3 Rxg2+ 41. Kd3 f5 42. Rxf5 Rg3+ 43. Kd2 Rxh3 44. d6 Ng3 45. Rf4 Rh2+ 46. Kd3 Ne2 47. Rc4 Nxc3 48. Kxc3 Kg6 49. Rd4 Kf6 50. d7 Rd8 51. Rf4+ Ke7 52. Re4+ Kd6 53. Rd4+ Kc6 54. Rxa6+ Kb7 55. Raa4 Rh5 56. Rdb4+ Kc6 1/2-1/2

[Event "FICGS rapid M 000137 email"]
[Site "FICGS email"]
[Date "2022.10.03"]
[Round "1"]
[White "Bussoli, Marco"]
[Black "Ozen, Bahadir"]
[Result "1/2-1/2"]
[WhiteElo "2163"]
[BlackElo "2254"]
[PlyCount "54"]
[EventDate "2022.??.??"]
[EventType "tourn (rapid)"]
[EventRounds "6"]
[SourceTitle "Corr 2024"]
[Source "ChessBase"]
[SourceDate "2023.10.19"]
[SourceVersion "1"]
[SourceVersionDate "2023.10.19"]
[SourceQuality "1"]

1. d4 Nf6 2. c4 e6 3. Nf3 d5 4. Nc3 c6 5. e3 Nbd7 6. Qc2 Bd6 7. Bd3 0-0 8. 0-0 dxc4 9. Bxc4 a6 10. e4 e5 11. Rd1 Qc7 12. h3 b5 13. Bb3 Bb7 14. dxe5 Nxe5 15. Nd4 Rfd8 16. Nf5 c5 17. Bg5 c4 18. Bxf6 gxf6 19. Qc1 Bf8 20. Bc2 Rxd1+ 21. Qxd1 Rd8 22. Qe2 Ng6 23. Rd1 Rxd1+ 24. Qxd1 Bc5 25. b3 Qe5 26. Nd5 Bxd5 27. exd5 Qf4 1/2-1/2

[Event "FICGS rapid M 000137 email"]
[Site "FICGS email"]
[Date "2022.10.03"]
[Round "1"]
[White "Nimylovych, Taras"]
[Black "Bussoli, Marco"]
[Result "0-1"]
[WhiteElo "2158"]
[BlackElo "2163"]
[PlyCount "72"]
[EventDate "2022.??.??"]
[EventType "tourn (rapid)"]
[EventRounds "6"]
[SourceTitle "Corr 2024"]
[Source "ChessBase"]
[SourceDate "2023.10.19"]
[SourceVersion "1"]
[SourceVersionDate "2023.10.19"]
[SourceQuality "1"]

1. e4 e6 2. d4 d5 3. Nc3 dxe4 4. Nxe4 Nd7 5. Nf3 Ngf6 6. Nxf6+ Nxf6 7. Be3 Bd7 8. Bd3 Nd5 9. Bd2 c5 10. 0-0 cxd4 11. Nxd4 Bd6 12. Re1 Qc7 13. Qh5 0-0-0 14. g3 Kb8 15. a3 a6 16. Rad1 Nf6 17. Qg5 Rhg8 18. Ba5 b6 19. Bb4 Bc8 20. Bf1 Bb7 21. Bg2 Bxg2 22. Kxg2 h6 23. Qe3 Qb7+ 24. Kg1 Bc7 25. Qe2 Rd5 26. Bc3 b5 27. Nf3 Rxd1 28. Qxd1 Rd8 29. Qe2 Kc8 30. Bd4 Kd7 31. c4 bxc4 32. Rc1 Ke8 33. Rxc4 Kf8 34. Qe3 Ne8 35. Qc3 e5 36. Be3 Rd1+ 0-1

[Event "FICGS class A 000256 email"]
[Site "FICGS email"]
[Date "2022.02.09"]
[Round "1"]
[White "Bussoli, Marco"]
[Black "Gounant, Stanislas"]
[Result "1/2-1/2"]
[WhiteElo "2008"]
[BlackElo "2188"]
[PlyCount "93"]
[EventDate "2022.??.??"]
[EventType "tourn (corr)"]
[EventRounds "6"]
[SourceTitle "Corr 2024"]
[Source "ChessBase"]
[SourceDate "2023.10.19"]
[SourceVersion "1"]
[SourceVersionDate "2023.10.19"]
[SourceQuality "1"]

1. d4 d5 2. c4 c6 3. Nf3 Nf6 4. e3 Bg4 5. h3 Bh5 6. Nc3 e6 7. g4 Bg6 8. Ne5 Nbd7 9. Nxg6 hxg6 10. a3 g5 11. Bd2 Be7 12. Bd3 dxc4 13. Bxc4 c5 14. Qf3 cxd4 15. exd4 Rc8 16. Be2 Qb6 17. 0-0 Qxb2 18. Rfd1 Qb6 19. Rab1 Qxd4 20. Rxb7 a6 21. Rb3 0-0 22. Bxa6 Rcd8 23. Bxg5 Qc5 24. Qe3 Qa5 25. Bb5 Nc5 26. Rxd8 Rxd8 27. Rb1 Qxa3 28. Nd5 Qa7 29. Nxe7+ Qxe7 30. Bc6 Rc8 31. Bf3 Ncd7 32. Kg2 Nf8 33. Qd4 Ng6 34. Be4 Rd8 35. Qe3 Ne5 36. Rb7 Qd6 37. Bxf6 gxf6 38. Qh6 f5 39. gxf5 exf5 40. Qxd6 Rxd6 41. Bxf5 Ng6 42. Kg3 Rd5 43. Bc2 Rg5+ 44. Kf3 Kf8 45. Rb4 Kg7 46. Rd4 Rc5 47. Bd1 1/2-1/2

[Event "FICGS class A 000256 email"]
[Site "FICGS email"]
[Date "2022.02.09"]
[Round "1"]
[White "Swiatek, Janusz"]
[Black "Bussoli, Marco"]
[Result "1/2-1/2"]
[WhiteElo "2097"]
[BlackElo "2008"]
[PlyCount "106"]
[EventDate "2022.??.??"]
[EventType "tourn (corr)"]
[EventRounds "6"]
[SourceTitle "Corr 2024"]
[Source "ChessBase"]
[SourceDate "2023.10.19"]
[SourceVersion "1"]
[SourceVersionDate "2023.10.19"]
[SourceQuality "1"]

1. d4 Nf6 2. c4 e6 3. Nf3 b6 4. g3 Be7 5. Bg2 0-0 6. 0-0 Bb7 7. d5 exd5 8. Nh4 c6 9. cxd5 Nxd5 10. Nf5 Nc7 11. e4 d5 12. Nc3 Bf6 13. exd5 Nxd5 14. Nxd5 cxd5 15. Bf4 Bxb2 16. Rb1 Bf6 17. Ne3 Bg5 18. Bxg5 Qxg5 19. Nxd5 Na6 20. h4 Qd8 21. Nf6+ Qxf6 22. Bxb7 Rad8 23. Qa4 Nc5 24. Qxa7 Rd6 25. Bg2 Rfd8 26. h5 g5 27. a4 Nd3 28. a5 bxa5 29. Qxa5 h6 30. Rb5 Re8 31. Rf5 Qe6 32. Qb5 Ne5 33. f4 gxf4 34. R1xf4 Rd2 35. Bh3 Rd5 36. Qa4 Qb6+ 37. Kh1 Re7 38. Rf6 Rd6 39. Rxd6 Qxd6 40. Bf1 Qe6 41. Kh2 Rd7 42. Qe4 Kg7 43. Kg1 Qb6+ 44. Kh2 Rd2+ 45. Bg2 Qe6 46. Rxf7+ Qxf7 47. Qxe5+ Qf6 48. Qc7+ Kg8 49. Qc1 Rd8 50. Be4 Qe6 51. Qe3 Kg7 52. Qc3+ Qf6 53. Qc7+ Kf8 1/2-1/2